LEADER 01270nab a2200373 i 4500
001 publ27306
005 20230531081121.0
008 230531s2022 hu o 0|| Angol d
022 |a 1588-385X 
024 7 |a 10.14232/abs.2022.2.140-149  |2 doi 
024 7 |a 33731495  |2 mtmt 
040 |a SZTE Publicatio Repozitórium  |b hun 
041 |a Angol 
100 1 |a Donadu Matthew Gavino 
245 1 0 |a Drug repurposing in the context of common bacterial pathogens  |h [elektronikus dokumentum] :  |b insights from an in vitro study /  |c  Donadu Matthew Gavino 
260 |c 2022 
300 |a 140-149 
490 0 |a ACTA BIOLOGICA SZEGEDIENSIS  |v 66 No. 2 
650 4 |a Klinikai orvostan 
700 0 1 |a Zanetti Stefania  |e aut 
700 0 1 |a Battah Basem  |e aut 
700 0 1 |a Hetta Helal F.  |e aut 
700 0 1 |a Matusovits Danica  |e aut 
700 0 1 |a Kárpáti Krisztina  |e aut 
700 0 1 |a Finta Virág  |e aut 
700 0 1 |a Csontos Berta  |e aut 
700 0 1 |a Kuklis Anna  |e aut 
700 0 1 |a Szikora Fruzsina  |e aut 
700 0 1 |a Csegény Adrienn  |e aut 
700 0 1 |a Szalma Lea  |e aut 
700 0 1 |a Major Eszter  |e aut 
700 0 1 |a Kushkevych Ivan  |e aut 
700 0 1 |a Gajdács Márió  |e aut 
856 4 0 |u http://publicatio.bibl.u-szeged.hu/27306/1/06-Donadu_et_al_Final_140-049.pdf  |z Dokumentum-elérés